English phonetics, phonology and spelling for the English language teacher / Laurie Bauer. (Record no. 81922)

MARC details
000 -LEADER
fixed length control field 00578nam a22001937a 4500
003 - CONTROL NUMBER IDENTIFIER
control field URS
005 - DATE AND TIME OF LATEST TRANSACTION
control field 20250129204336.0
008 - FIXED-LENGTH DATA ELEMENTS--GENERAL INFORMATION
fixed length control field 250129b |||||||| |||| 00| 0 eng d
020 ## - INTERNATIONAL STANDARD BOOK NUMBER
International Standard Book Number 9781032607948
040 ## - CATALOGING SOURCE
Transcribing agency URS
050 ## - LIBRARY OF CONGRESS CALL NUMBER
Classification number FR PE 1137 .B326 2024
100 ## - MAIN ENTRY--PERSONAL NAME
Relator code author
Personal name Bauer, Laurie
245 ## - TITLE STATEMENT
Title English phonetics, phonology and spelling for the English language teacher / Laurie Bauer.
260 ## - PUBLICATION, DISTRIBUTION, ETC.
Place of publication, distribution, etc. NY, New York ; Routledge, 2024
300 ## - PHYSICAL DESCRIPTION
Extent viii, 171 p; 25 cm
504 ## - BIBLIOGRAPHY, ETC. NOTE
Bibliography, etc. note Includes Index and bibliography.
650 ## - SUBJECT ADDED ENTRY--TOPICAL TERM
Topical term or geographic name entry element Research-methodology
942 ## - ADDED ENTRY ELEMENTS (KOHA)
Source of classification or shelving scheme Library of Congress Classification
Koha item type Foreign Books
Holdings
Withdrawn status Source of classification or shelving scheme Damaged status Not for loan Home library Current library Date acquired Source of acquisition Total Checkouts Full call number Barcode Date last seen Copy number Price effective from Koha item type
  Library of Congress Classification     Angono College Library Angono College Library 12/12/2024 Library Fund   FR PE 1137 .B326 2024 URSANG-7486 01/29/2025 1 01/29/2025 Foreign Books

University of Rizal System
Email us at univlibservices@urs.edu.ph

Visit our Website www.urs.edu.ph/library